000 01537cam a2200349 a 4500
003 EG-GiCUC
005 20250223030304.0
008 101007s2010 ua d f m 000 0 eng d
040 _aEG-GiCUC
_beng
_cEG-GiCUC
041 0 _aeng
049 _aDeposite
097 _aPh.D
099 _aCai01.07.06.Ph.D.2010.Ya.B
100 0 _aYahia Ibrahim Mahmoud
245 1 0 _aBioconversion of agro-industrial wastes /
_cYahia Ibrahim Mahmoud ; Supervised Mohammed Zakaria Sedik , Waleed Diaeddeen Saleh , Azmy Noshy Estafanous
246 1 5 _aالتحول الحيوي لمخلفات التصنيع الزراعى
260 _aCairo :
_bYahia Ibrahim Mahmoud ,
_c2010
300 _a130 P. :
_bcharts ;
_c25cm
502 _aThesis (Ph.D.) - Cairo University - Faculty of Agriculture - Department of Microbiology
520 _aThe main aim of this study is to produce compost using agricultural wastes of rice straw and artichoke mixed with cow dunk, beside the addition of some microbial inoculants, sulfur element and also the production of compost extract of know effect as biological treatment for root namatode in tomato plants
530 _aIssued also as CD
653 4 _aBiological treatment
653 4 _aCompost
653 4 _aTomato
700 0 _aAzmy Noshy Estafanous ,
_eSupervisor
700 0 _aMohammed Zakaria Sedik ,
_eSupervisor
700 0 _aWaleed Diaeddeen Saleh ,
_eSupervisor
856 _uhttp://172.23.153.220/th.pdf
905 _aNazla
_eRevisor
905 _aSamia
_eCataloger
942 _2ddc
_cTH
999 _c31616
_d31616